000 00398nam a22001337a 4500
020 _a9780988479708
040 _cNUST
082 _a658.421
_bJOH
100 _aJohnson, Kevin D.
_9123240
245 _aThe Entrepreneur Mind :
_b100 Essential Beliefs, Characteristics, and Babits of Elite Entrepreneurs
260 _aUSA:
_bJohnson Media,
_c2013.
650 _aEntrepreneurship
942 _2ddc
_cBK
999 _c609487
_d609487